LIBRARY & INFORMATION CENTRE, KCAET, TAVANUR

ONLINE PUBLIC ACCESS CATALOGUE (OPAC)

Urban water supply / (Record no. 10829)

MARC details
000 -LEADER
fixed length control field 00465cam a2200193ua 4500
020 ## - INTERNATIONAL STANDARD BOOK NUMBER
ISBN 81-7033-204-6
041 ## - LANGUAGE CODE
Language code of text/sound track or separate title eng
082 ## - DEWEY DECIMAL CLASSIFICATION NUMBER
Classification number 628
Item number GUP/UR
100 ## - MAIN ENTRY--AUTHOR NAME
Personal name Gupta, N L .
245 00 - TITLE STATEMENT
Title Urban water supply /
250 ## - EDITION STATEMENT
Edition statement 1 /
260 ## - PUBLICATION, DISTRIBUTION, ETC. (IMPRINT)
Place of publication New Delhi :
Name of publisher Rawat Publications ,
Year of publication 1994.
300 ## - PHYSICAL DESCRIPTION
Number of Pages 332 ; .
500 ## - GENERAL NOTE
General note * CSS
942 ## - ADDED ENTRY ELEMENTS (KOHA)
Koha item type Books
Holdings
Withdrawn status Lost status Damaged status Home library Current library Shelving location Date acquired Full call number Accession Number Koha item type
      KAUAET KAUAET Scheme 14/09/2018 628 GUP/UR 18516 Book Bank scheme for SC students
free website counter